Statistiques concernant Villes du Monde en F (Facile)

Cliquez ici pour prendre le quiz!

Statistiques générales

  • Ce quiz a été pris 254 fois
  • Le résultat moyen est 7 sur 15

Statistiques - réponses

HintRéponse% Correct
Célèbre ville italienne, qui compta la famille Médicis parmi ses citoyensFlorence
99%
Capitale économique de l'Union Européenne, où se trouve notamment la BCEFrancfort
87%
Préfecture française d'outre-merFort-de-France
83%
Ville marocaine au nom très court, qui peut faire sourire les francophonesFès
81%
Autre préfecture française, située dans les PyrénéesFoix
51%
Station balnéaire portugaise de l'extrême sud du paysFaro
50%
"La ville libre"Freetown
50%
Nom commun à une grande ville suisse et une commune française, et une allemandeFribourg
48%
Ville du nord du Brésil qui signifie "forteresse" en portugaisFortaleza
40%
Capitale d'un archipel d'OcéanieFunafuti
40%
Autre ville portugaise, d'où est originaire Cristiano RonaldoFunchal
29%
Ville portugaise connue pour ses soi-disants apparitions de la Vierge en 1917Fatima
25%
Sous-préfecture du département du LotFigeac
22%
Nom complet de la ville allemagneFribourg-en-Brisgau
10%
Ville aujourd'hui nommée Pravdinsk, qui accueillit une célèbre bataille napoléonienne en 1807Friedland
9%

Distribution des résultats

Percentile par nombre de réponses

% des personnes avec chaque résultat

Votre développement - résultats

Vous n’avez pas pris ce quiz